El campeón ciclista /

Cleto es un inventor con dotes de ciclista y repartidor matutino de periódicos, ha diseñado un invento para entregarlos con cohetes a los suscriptores; esto agrada les agrada a ellos pero no a sí a don Cosme, dueño del periódico, quien lo despide a él y a sus compañeros. En esta situación sigue con...

Celý popis

Uloženo v:
Podrobná bibliografie
Hlavní autor: Cortés, Fernando (realización)
Další autoři: Valdés, Germán (actuación) (actuación), Furió, Sonia (actuación) (actuación), Chávez, Marcelo (actuación) (actuación)
Médium: Video
Jazyk:španělština
Edice:(Tin Tan: La Colección)
Témata:
Tagy: Přidat tag
Žádné tagy, Buďte první, kdo vytvoří štítek k tomuto záznamu!

MARC

LEADER 00000ngm^a2200000^a^4500
001 000297181
005 20250521000000.0
009 20260310112330.843
037 |a Acervo ITESO - Biblioteca 
041 |a ESP 
082 |a 860.  |b COR 
100 |a Cortés, Fernando  |e (realización) 
245 1 3 |a El campeón ciclista /  |c Realización de F. Cortés. 
264 2 |a México :  |b Zima Entertainment [distribución],  |c copyright fecha no identificada 
300 |a 1 DVD regiones 1 y 4  |c (75 min.) 
336 |a imagen móvil bidimensional  |b tdi  |2 rdacontenido 
337 |a video  |b v  |2 rdamedio 
338 |a videodisco  |b vd  |2 rdasoporte 
440 1 |a (Tin Tan: La Colección) 
520 |a Cleto es un inventor con dotes de ciclista y repartidor matutino de periódicos, ha diseñado un invento para entregarlos con cohetes a los suscriptores; esto agrada les agrada a ellos pero no a sí a don Cosme, dueño del periódico, quien lo despide a él y a sus compañeros. En esta situación sigue con sus inventos, pero necesitará dinero para autofinanciar sus proyectos, así que con un seudónimo mantendrá correspondencia en la sección de avisos clasificados con una mujer a quien considera con mucho dinero, sin advertir que se trata de su excompañera de trabajo. Un día se inscribe para competir en una carrera de ciclismo, donde participan los mejores ciclistas, pero lejos de desanimarse hará equipo con sus compañeros y para sorpresa de muchos obtendrán el triunfo, a pesar de las adversidades ocurridas por descalificarlos. 
649 |a XX 
650 |a Comedias Cinematográficas 
650 |a Cine Mexicano -  |y 1950-1959 
650 |a Cine Mexicano -  |y Siglo XX 
650 |a Voceadores 
650 |a Ciclistas 
650 |a Inventores 
650 |a Enamoramiento 
650 |a Relaciones de Pareja 
650 |a Ciclismo 
650 |a Deportes 
700 |a Valdés, Germán  |e (actuación) 
700 |a Furió, Sonia  |e (actuación) 
700 |a Chávez, Marcelo  |e (actuación) 
910 |a Fondo General 
920 |a Audiovisuales - DVDs 
940 |a Películas 
905 |a 302 
901 |a 0500093711  |b IT2  |c DVS  |u 20250521 
902 |a https://opac.biblio.iteso.mx/vufind/Record/000297181